| Tag |
First Indicator |
Second Indicator |
Subfields |
| LEADER |
00000cam a2200000 4500 |
| 001 |
in00000066272 |
| 005 |
20200328063313.0 |
| 008 |
770818s1929 nyu b 00110 engm |
| 010 |
|
|
|a 29020223
|
| 035 |
|
|
|a (OCoLC)03198164
|
| 035 |
|
|
|9 AAH0445AM
|
| 040 |
|
|
|a DLC
|c BAL
|d BAL
|d TXA
|d UtOrBLW
|
| 049 |
|
|
|a TXAM
|c [316092]
|
| 050 |
0 |
0 |
|a HG4538
|b .M3
|
| 092 |
|
|
|a 332.6
|b M179f
|
| 100 |
1 |
|
|a Madden, John T.
|q (John Thomas),
|d 1882-1948.
|
| 245 |
1 |
0 |
|a Foreign securities ;
|b public and mortgage bank bonds - an analysis of the financial, legal and political factors /
|c by John T. Madden ... and Marcus Nadler ...
|
| 264 |
|
1 |
|a New York :
|b Ronald Press,
|c [1929]
|
| 264 |
|
4 |
|c [©1929]
|
| 300 |
|
|
|a xiv, 452 pages ;
|c 22 cm.
|
| 336 |
|
|
|a text
|b txt
|2 rdacontent
|
| 337 |
|
|
|a unmediated
|b n
|2 rdamedia
|
| 338 |
|
|
|a volume
|b nc
|2 rdacarrier
|
| 504 |
|
|
|a Bibliography: pages 427-438.
|
| 650 |
|
0 |
|a Bonds.
|
| 650 |
|
0 |
|a Mortgage bonds.
|
| 650 |
|
0 |
|a Securities.
|
| 700 |
1 |
|
|a Nadler, Marcus,
|d 1895-1965.
|
| 999 |
|
|
|a MARS
|
| 999 |
f |
f |
|s a3964fd3-b49a-34dd-8cb2-da56618b83ff
|i 0e608c09-b609-3b15-a200-0599150b01bc
|t 0
|
| 952 |
f |
f |
|p ric
|a Texas A&M University
|b Rellis Campus
|c Joint Library Facility
|d Remote Storage
|t 0
|e HG4538 .M3
|h Library of Congress classification
|i unmediated -- volume
|m A14800735678
|
| 998 |
f |
f |
|a HG4538 .M3
|t 0
|l Remote Storage
|